| 000 | 00767nam a22002897a 4500 | ||
|---|---|---|---|
| 001 | BR2016004734 | ||
| 003 | BR-BrBNA | ||
| 005 | 20230928105011.0 | ||
| 007 | ta | ||
| 008 | 230509b bl.||||| |||| 00| 0 por d | ||
| 040 |
_aBR-BrBNA _bpor _cBiblioteca Nacional de Agricultura |
||
| 041 | _a(Por) | ||
| 072 |
_aK10 _b3200 |
||
| 090 | _ 3200 BR2016004734 | ||
| 100 | 1 | _aNeves, M.C.P. | |
| 110 | 1 |
_aEMBRAPA Agrobiologia, Seropédica, RJ (Brasil) _93531 |
|
| 245 | 1 |
_aO mulungu _bSérie Amiguinhos |
|
| 260 | 3 |
_aSeropédica, RJ (Brasil): _c2008. |
|
| 300 | _a24 p. | ||
| 500 | _a23 illus | ||
| 650 | _aMULUNGU | ||
| 650 | _aÁRVORE ANGIOSPERMA | ||
| 650 | _aÁRVORE FLORESTAL | ||
| 650 | _aBIOLOGIA | ||
| 909 |
_a202309 _bLucia _c55 _dLucia Elande |
||
| 942 | _cBK | ||
| 999 |
_c82868 _d82868 |
||